000 00564cam a22001697a 4500
008 180718b1961 xxu||||| |||| 00| 0 eng d
082 _aG89 R349
100 _aRhyne, Charles S.
245 _aCodification of municipal ordinances
_cby Charles S. Rhyne, Brice W. Rhyne and Edward D. Means
260 _aWashington
_bNational Institute of Municipal Law Officers
_c1961
300 _a115p
500 _aReport No. 147
650 _aLaw --Codification
650 _aMunicipal corporations --United States
700 _aMeans, Edward D.
700 _aRhyne, Brice W.
999 _c499358
_d499358